000 00677cam a2200253 4500
001 D7577
008 090401t1983 xxu||||| |||| 00| 0 eng d
035 _a(Sirsi) u8159
041 _aeng
050 _a696
100 _aNoon, W.
245 _aEffective lift maintenance
260 _aAscot, Berks
_bThe Chartered Institute of Building
_c1983
300 _a11p. 30cm
350 _a3.5
490 _aTechnical Information Service
_pMaintenance
_v20
650 _aLIFT MAINTENANCE
650 _aLIFTS
650 _aMAINTENANCE AGREEMENTS
690 _aBlock management
_96220
710 _aChartered Institute of Building
_92134
942 _n0
948 _c04/03/1997
999 _c86487
_d86487